000 00540nam a2200217Ia 4500
003 OSt
005 20250819094242.0
008 210210b2006 xxu||||| |||| 00| 0 eng d
020 _a8121914760
040 _cAL
082 _a530.41 PURS
100 _aPuri R K
_9236298
245 _aSolid state physics
260 _aN D
_bS. Chand & Co. Ltd.
_c2006
300 _axii,311
650 _aSolid State Physics
_9236299
690 _aSolid State Physics
_9236299
700 _aBabbar V K
_9236300
906 _a060522
942 _2ddc
_cBK
999 _c107604
_d107604